
Library Catalogue

| 000 -LEADER | |
|---|---|
| fixed length control field | 02068nam a22002297a 4500 |
| 005 - DATE AND TIME OF LATEST TRANSACTION | |
| control field | 20250912140134.0 |
| 008 - FIXED-LENGTH DATA ELEMENTS--GENERAL INFORMATION | |
| fixed length control field | 250912b |||||||| |||| 00| 0 eng d |
| 020 ## - INTERNATIONAL STANDARD BOOK NUMBER | |
| International Standard Book Number | 9781447368373 (Paperback) |
| 082 ## - DEWEY DECIMAL CLASSIFICATION NUMBER | |
| Classification number | 362.1 |
| 100 ## - MAIN ENTRY--PERSONAL NAME | |
| Personal name | Taylor, Sebastian |
| 245 ## - TITLE STATEMENT | |
| Title | Health in a Post-COVID World : |
| Remainder of title | Lessons from the Crisis of Western Liberalism / |
| Statement of responsibility, etc. | By Sebastian Taylor |
| 260 ## - PUBLICATION, DISTRIBUTION, ETC. | |
| Place of publication, distribution, etc. | Bristol |
| Name of publisher, distributor, etc. | Bristol University Press |
| Date of publication, distribution, etc. | 2023 |
| 300 ## - PHYSICAL DESCRIPTION | |
| Extent | xiii, 357 pages |
| Dimensions | 23 cm. |
| 365 ## - TRADE PRICE | |
| Price amount | Rs. 2767.00 |
| 505 ## - FORMATTED CONTENTS NOTE | |
| Formatted contents note | Prologue: Health and civilisation - <br/>Crisis: A Timeline - <br/>Part 1: Growth:<br/>1. Growth, Wealth and Health - <br/>2. Health and Trade - <br/>3. 'They Go on Because They Have Begun' - <br/>Part 2: Freedom: <br/>4. The Nature of Freedom - <br/>5. The Vaccine Society - <br/>6. The Freedom to Fail - <br/>7. The Dead Hand of Care - <br/>Part 3: Justice:<br/>8. The Poverty of Justice - <br/>9. Just Health, Just Care - <br/>10. A Kingdom of Ends - <br/>Part 4: Security:<br/>11. War and Peace - <br/>12. The Risk Society - <br/>Part 5: Democracy:<br/>13. One for All - <br/>Part 6: Truth:<br/>14. Who Counts? - <br/>15. Conclusion - <br/>Postscript: Crisis in the UK 2022. <br/> |
| 520 ## - SUMMARY, ETC. | |
| Summary, etc. | What part do the values of growth and prosperity, freedom and justice, security and democracy play in social policy and human welfare? How can we judge the validity of these - the founding principles of Western liberalism - and the policies they shape, as the recipe for progress?<br/>At a time of global 'permacrisis', Sebastian Taylor applies his extensive frontline experience working with health systems and healthcare in the Global North and South to assess the concrete impact of contemporary liberal values on our welfare, development and environmental survival.<br/>Drawing on research from around the world, he uses health as an objective metric to assess how effective these policies are for individuals and society as a whole. |
| 650 ## - SUBJECT ADDED ENTRY--TOPICAL TERM | |
| Topical term or geographic name entry element | Medical policy |
| 650 ## - SUBJECT ADDED ENTRY--TOPICAL TERM | |
| Topical term or geographic name entry element | COVID-19 Pandemic, 2020—Social aspects |
| 650 ## - SUBJECT ADDED ENTRY--TOPICAL TERM | |
| Topical term or geographic name entry element | Public health—Political aspects |
| 650 ## - SUBJECT ADDED ENTRY--TOPICAL TERM | |
| Topical term or geographic name entry element | Global health—Political aspects |
| 942 ## - ADDED ENTRY ELEMENTS (KOHA) | |
| Source of classification or shelving scheme | Dewey Decimal Classification |
| Koha item type | BOOKs |
| Withdrawn status | Lost status | Source of classification or shelving scheme | Materials specified (bound volume or other part) | Damaged status | Not for loan | Home library | Current library | Shelving location | Date acquired | Source of acquisition | Cost, normal purchase price | Total Checkouts | Full call number | Barcode | Date last seen | Price effective from | Koha item type | Public note |
|---|---|---|---|---|---|---|---|---|---|---|---|---|---|---|---|---|---|---|
| Dewey Decimal Classification | PB | . | . | General Stacks | 12.09.2025 | Purchased - Feel Books | 2767.00 | 362.1 TAY | 40374 | 12.09.2025 | 12.09.2025 | BOOKs | Recommended by Mr. Sidharth Chauhan |